000 00498nam a22001697a 4500
999 _c24869
_d24869
003 BDDh-ASL
005 20231015030423.0
008 210612s1934 ii ||||| |||| 00| 0 u d
040 _aBDDh-ASL
_cBDDh-ASL
082 _a297.124
_bDAT
245 0 0 _aتجرید صحیح بخا ری کامل : Tajrid-i Sahih Bukhari Kamil /
260 _aDelhi :
_bJamal Barqi Press ,
_c1934/1352H.
300 _a408 p. :
_c22 cm.
650 0 _93956
_aHadith
700 1 _93955
_aHakim, Maulana
942 _2ddc
_cBK